000 00601nam a2200217 i 4500
001 75545
003 ES-MaACL
005 20230906172512.0
007 t|
008 040924s1952 sp ||||1| spa d
100 1 _aGrex, Leo.
_959965
245 1 0 _aAs peligroso /
_cLeo Grex ; [traducción directa del inglés de A. Brunet].
250 _a[1ª ed.].
260 _aBarcelona :
_bAHR,
_c[1952] (
_fSimpar)
300 _a240 p. ;
_c17 cm.
490 1 _aMedianoche
700 1 _aBrunet, A.
_932155
830 0 _aMedianoche
_9184001
852 _aES-MaACL
_jD-9209
_bR.33217
999 _c75545
_d75545